00387nam a2200157 a 45000010005000000030009000050080041000140400028000550820017000831000016001002450021001162600034001373000015001716500018001866500025002044062CO-ViMGA141112s2004 ck r 000 u spa d aCO-ViMGAbspacCO-ViMGA04a615.822 N6771 aNOrton, Tom10aLa digitopuntura aBarcelona : bEditors, c1996 a157 p : il14aDIGITOPUNTURA14aMASAJES TERAPEUTICOS